Reliability evaluation of power systems (Record no. 7252)

000 -LEADER
fixed length control field 00598nam a2200217 a 4500
001 - CONTROL NUMBER
control field 7252
003 - CONTROL NUMBER IDENTIFIER
control field BD-DhUET
008 - FIXED-LENGTH DATA ELEMENTS--GENERAL INFORMATION
fixed length control field 830524s1984 nyua b 001 0 eng
020 ## - INTERNATIONAL STANDARD BOOK NUMBER
International Standard Book Number 0273084852
040 ## - CATALOGING SOURCE
Original cataloging agency DLC
Transcribing agency DLC
Modifying agency BD-DhUET
082 ## - DEWEY DECIMAL CLASSIFICATION NUMBER
Classification number 623.1
Item number BIL/1984
100 ## - MAIN ENTRY--PERSONAL NAME
Personal name Billinton, Roy
245 10 - TITLE STATEMENT
Title Reliability evaluation of power systems
250 ## - EDITION STATEMENT
Edition statement 1st ed.
260 ## - PUBLICATION, DISTRIBUTION, ETC. (IMPRINT)
Place of publication, distribution, etc. Boston
Name of publisher, distributor, etc. Pitman Advanced Publishing Program
Date of publication, distribution, etc. 1984
300 ## - PHYSICAL DESCRIPTION
Extent xv,432p.
Other physical details ill.
Dimensions 24 cm.
504 ## - BIBLIOGRAPHY, ETC. NOTE
Bibliography, etc Includes bibliographies
650 #0 - SUBJECT ADDED ENTRY--TOPICAL TERM
Topical term or geographic name as entry element Electric power systems-Reliability
700 1# - ADDED ENTRY--PERSONAL NAME
Personal name Allan, Ronald N.
942 ## - ADDED ENTRY ELEMENTS (KOHA)
Koha item type General Book
Holdings
Not for loan Date acquired Withdrawn status Piece designation (barcode) Shelving location Koha normalized classification for sorting Source of classification or shelving scheme Koha item type Copy number Price effective from Koha date last seen Sublocation or collection (holding branch) Lost status Location (home branch) Damaged status Koha full call number
 2014-12-08 65001Circulation section623_000000000000000_1BIL1984 General Book12014-12-082016-07-16Central Library, BUET Central Library, BUET 623.1/BIL/1984
 2014-12-08 65002Circulation section623_000000000000000_1BIL1984 General Book22014-12-082014-12-08Central Library, BUET Central Library, BUET 623.1/BIL/1984
 2014-12-08 64092Circulation section623_100000000000000_BIL_1984 General Book32014-12-082017-09-09Central Library, BUET Central Library, BUET 623.1/BIL/1984
 2015-02-15 64091Circulation section623_100000000000000_BIL_1984 General Book42015-02-152015-02-15Central Library, BUET Central Library, BUET 623.1/BIL/1984
 2015-06-25 64094Reading section623_100000000000000_BIL_1984 General Book52015-06-252015-06-25Central Library, BUET Central Library, BUET 623.1/BIL/1984
 2015-06-25 65004Reading section623_100000000000000_BIL_1984 General Book62015-06-252015-06-25Central Library, BUET Central Library, BUET 623.1/BIL/1984